Pääkaupunkien nimiä kolmella kirjaimella - Statistics

Yleistilastot
  • Tätä visaa on pelattu 165 kertaa
  • Keskiarvotulos 6 / 7
Vastaustilastot
kirjaimet pääkaupunki % Oikein
N A S Sanaa
88%
I D L Dili
87%
L O S Oslo
83%
N A M Manama
82%
C A R Accra
78%
N A M Amman
77%
P A I Apia
77%
Ehtoja vastaavia visoja ei löytynyt
Tulosjakauma
Jokaisen tuloksen saaneiden osuus
Persentiili vastausten määrän mukaan
Tuloshistoriasi
Et ole pelannut tätä visaa